000 00513nam a22001697a 4500
005 20251108165852.0
008 250721s1987 xx 000 0 ara d
082 1 4 _aم/625.7/ندو
245 1 0 _aبحوث تكنولوجيا صيانة الطرق /
246 1 1 _aproceeding of road maintenance technology symposium
264 1 _aعمان :
_bجمعية الطرق الأردنية،
_c1987.
300 _a347ص
650 1 7 _aالطرق
650 1 7 _aالمؤتمرات
942 _2ddc
_cREF
999 _c33412
_d33412